000 00460nam a2200169Ia 4500
999 _c49
_d49
003 OSt
005 20211103121918.0
008 190216s9999||||xx |||||||||||||| ||und||
040 _coclc
082 _a297
_bALA/Q
100 _aAl Ahwani, Ahmed Fuad
_98883
245 0 _aAl Qiyamu Ruheeya Fil Islam /
_cAhmed Fuad Al Ahwani
260 _bAmeera & Company,
300 _a107p
650 _aArabic
942 _cBK
_2ddc
_h297
_iALA/Q
_k297
_mALA/Q